000 00857nam a2200253Ia 4500
003 OSt
005 20220930192906.0
006 a|||||r|||| 00| 0
007 ta
008 220926b |||||||| |||| 00| 0 eng d
024 _a10774
037 _cDissertations
040 _aCRL
_cCRL
_beng
041 _2eng
_aeng
100 _aKapur Rakesh
_9561713
110 _aUniversity of Delhi. Faculty of Medical Sciences. Department of Ophthalmology
_9520086
245 0 _aIntrocular lens implantation in cases of traumatic cataract in the defence forces
260 _c1991
650 _aEYE - DISEASES
_9197938
700 _a Dr D P Vats Supervisor
_9559850
700 _aUniversity of Delhi. Faculty of Medical Sciences. Department of Ophthalmology
_9520088
942 _cDIS
_2CC
999 _c895766
_d895766